Compound change gear & indexing problems : methods and fully-worked examples for screwcutting relieving, gear generation and difficultt /

Guardado en:
Autor Principal: Hardy, Herbert W.
Formato: Libro
Idioma:English
Publicado: London : Machinery publishing, 1962.
Etiquetas: Agregar Etiqueta
Sin Etiquetas, Sea el primero en etiquetar este registro!
LEADER 00537nam a22001455a 4500
001 EUN.um034113
003 AR-BaUNS
005 20050623122908.0
008 041125s1962####xxk###########000#0#eng#d
245 1 0 |a Compound change gear & indexing problems :  |b methods and fully-worked examples for screwcutting relieving, gear generation and difficultt /  |c Herbert W. Hardy. 
260 |a London :  |b Machinery publishing,  |c 1962. 
300 |a 78 p. 
100 1 |a Hardy, Herbert W. 
082 0 4 |a 621.83 
859 |a Ar-BaUNS  |b BIB. CENTRAL - Sector C  |h 621.83  |i H222  |p 72302/975